| 000 | 00427nam a2200121Ia 4500 | ||
|---|---|---|---|
| 008 | 200922s9999 xx 000 0 und d | ||
| 020 | _a978-621-8035-57-7 | ||
| 100 | _aCamarista, Genesis G. | ||
| 245 |
_cGenesis G. Camarista, Ian B. Oranio _aTeaching mathematics in the primary grades/ |
||
| 260 |
_aManila: _bLorimar Publishing _c2019 |
||
| 300 |
_avii, 137 pages _c25 cm. |
||
| 650 | _aArithmetic -- study and teaching (primary) | ||
| 999 |
_c364407 _d364407 |
||